000 01382cam a2200373 a 4500
001 1381
005 20240326154305.0
020 _a0807559679
020 _a0590451391
040 _aDLC
_cDLC
_dDLC
_dOCoLC
_dDLC
_beng
050 0 0 _aPZ7.W244
_bOp 1991
082 0 0 _aFic
100 1 _aWarner, Gertrude Chandler,
_d1890-1979.
245 1 4 _aThe old motel mystery /
_ccreated by Gertrude Chandler Warner ; illustrated by Charles Tang.
250 _aFirst Scholastic printing, December 1991
260 _aMorton Grove, Ill. :
_bAlbert Whitman & Company,
_c1991.
300 _a121 pages :
_billustrations ;
_c20 cm
490 1 _aA boxcar children
_vBook 23
505 _aN
520 _aSomeone is trying to put Aunt Jane's motel out of business, but the Alden children aren't going to let that happen.
521 _a580
_bLexile
521 _aN
_bRaz-Plus
650 0 _aBoxcar children (Fictitious characters)
_vJuvenile fiction.
650 0 _aOrphans
_vJuvenile fiction.
650 0 _aFamilies
_vJuvenile fiction.
650 1 _aBrothers and sisters
_vFiction.
650 1 _aOrphans
_vFiction.
650 1 _aHotels, motels, etc.
_vFiction.
650 1 _aMystery and detective stories.
655 7 _aDetective and mystery stories.
_2gsafd
700 1 _aTang, Charles
_eillustrator
906 _a7
_bcbc
_corignew
_d1
_eocip
_f19
_gy-gencatlg
942 _2ddc
_cBK
_n0
999 _c1381
_d1381